00551nam a2200169Ia 4500003000900000008004100009040001600050080001800066100002000084245012800104260004700232300001000279650004100289650002400330650001200354650001500366IN-BaIIA211028s9999 xx 000 0 eng d cIIA Library a523.4-87bFER aFerraz-Mello, S 0aDynamics of the galilean satellitesban introductory treatisecS. Ferraz-Mello  aSao PaulobUniversidade De Sao Pauloc1979 a183p. aAstronomy and astrophysics thesaurus aGalilean satellites aPlanets aSatellites